000 00689nam a2200289Ia 4500
005 20260324150158.0
008 008 260324s9999 xx 000 0 eng d
020 _a9781003616382
037 _aEBOOK
040 _aCRL
040 _beng
040 _cCRL
041 _2eng
041 _aeng
084 _qCRL
100 _aHoward Elcock
_91066689
245 0 _aPortrait of a Decision
245 4 _bThe Council of Four and the Treaty of Versailles
260 _bTaylor and Francis
260 _c1972
365 _a
365 _b180
856 _uhttp://www.taylorfrancis.com/books/9781003616382
942 _cEBOOK
999 _c1834552
_d1834552